00562cam a22002057a 4500003000500000005001700005008004100022010001000063011001000073035001000083040000900093100002900102245004500131260004700176300001800223490002900241650002800270700002900298830002900327CHAP20220329134944.0971013s1968 r 00010 d a28631 a29603 a33714 cCHAP00aLarrea Redondo, Antonio. 0aHeladas tardías de primavera en la vid aMadrid :bMinisterio de Agricultura,c1968 a16 p.b: ilus 0aHojas divulgadoras 10/6814aHeladasxEfecto en vid.0 aColina Salazar, Ricardo.0 aHojas divulgadoras 10/68